000
00281nam a2200109Ia 4500
008
200302s9999 xx 000 0 und d
100
_a
Shelley Maree Cassidy
245
_a
A Place to Stay 30 Extraordinary Hotels
260
_b
Conran Octopus Ltd.
260
_c
2000
300
_a
181 P.,
999
_c
1768
_d
1768